<?xml version="1.0" encoding="UTF-8"?>
<record
    xmlns:xsi="http://www.w3.org/2001/XMLSchema-instance"
    xsi:schemaLocation="http://www.loc.gov/MARC21/slim http://www.loc.gov/standards/marcxml/schema/MARC21slim.xsd"
    xmlns="http://www.loc.gov/MARC21/slim">

  <leader>01660nam a22002777a 4500</leader>
  <controlfield tag="003">OSt</controlfield>
  <controlfield tag="005">20240923142358.0</controlfield>
  <controlfield tag="008">240923s2024    us a|||f |||| 001 0 spa d</controlfield>
  <datafield tag="020" ind1=" " ind2=" ">
    <subfield code="a">9786310025179</subfield>
  </datafield>
  <datafield tag="040" ind1=" " ind2=" ">
    <subfield code="a">CHAP</subfield>
    <subfield code="c">CHAP</subfield>
    <subfield code="e">rda</subfield>
  </datafield>
  <datafield tag="082" ind1="0" ind2="0">
    <subfield code="2">22</subfield>
    <subfield code="a">582.13</subfield>
    <subfield code="b">L92</subfield>
  </datafield>
  <datafield tag="100" ind1="1" ind2=" ">
    <subfield code="a">L&#xFA;quez, Claudia Victoria</subfield>
    <subfield code="9">189626</subfield>
  </datafield>
  <datafield tag="245" ind1="1" ind2="0">
    <subfield code="a">Bot&#xE1;nica sistem&#xE1;tica esencial:</subfield>
    <subfield code="b">familia de plantas con flores seg&#xFA;n APG IV /</subfield>
    <subfield code="c">por Claudia Victoria L&#xFA;quez</subfield>
  </datafield>
  <datafield tag="250" ind1=" " ind2=" ">
    <subfield code="a">Primera edici&#xF3;n</subfield>
  </datafield>
  <datafield tag="264" ind1=" " ind2="1">
    <subfield code="a">Estados Unidos:</subfield>
    <subfield code="b">Argentina,</subfield>
    <subfield code="c">2023.</subfield>
  </datafield>
  <datafield tag="300" ind1=" " ind2=" ">
    <subfield code="a">262 p&#xE1;ginas:</subfield>
    <subfield code="b">ilustraciones</subfield>
  </datafield>
  <datafield tag="336" ind1=" " ind2=" ">
    <subfield code="2">rdacontent</subfield>
    <subfield code="a">texto</subfield>
    <subfield code="b">txt</subfield>
  </datafield>
  <datafield tag="337" ind1=" " ind2=" ">
    <subfield code="2">rdamedia</subfield>
    <subfield code="a">sin medio</subfield>
    <subfield code="b">n</subfield>
  </datafield>
  <datafield tag="338" ind1=" " ind2=" ">
    <subfield code="2">rdacarrier</subfield>
    <subfield code="a">volumen</subfield>
    <subfield code="b">nc</subfield>
  </datafield>
  <datafield tag="500" ind1=" " ind2=" ">
    <subfield code="a">Obra ilustrada</subfield>
  </datafield>
  <datafield tag="504" ind1=" " ind2=" ">
    <subfield code="a">Incluye &#xED;ndice, bibliograf&#xED;a y glosario</subfield>
  </datafield>
  <datafield tag="520" ind1=" " ind2=" ">
    <subfield code="a">El objetivo de este libro es brindar a profesionales, estudiantes y aficionados, los instrumentos esenciales para reconocer las diversas familias de plantas que nos rodean. Se describen las caracteres diferenciales para la identificaci&#xF3;n a campo y en investigaci&#xF3;n. En cada familia de plantas (Subfamilias y tribus, seg&#xFA;n su importancia) se acompa&#xF1;an los caracteres diagn&#xF3;sticos con ilustraciones did&#xE1;cticas (de alta definici&#xF3;n) que proporcionan su Gestalt (forma distintiva). Se incluye adem&#xE1;s h&#xE1;bitat, distribuci&#xF3;n, importancia econ&#xF3;mica y otra informaci&#xF3;n relevante. Un glosario interactivo con hiperv&#xED;nculos permite comprender los t&#xE9;rminos que presentan alguna dificultad. Incluye el glosario completo de t&#xE9;rminos utilizados.</subfield>
  </datafield>
  <datafield tag="650" ind1=" " ind2="4">
    <subfield code="a">Bot&#xE1;nica</subfield>
    <subfield code="x">Clasificaci&#xF3;n</subfield>
    <subfield code="9">14516</subfield>
  </datafield>
  <datafield tag="700" ind1="1" ind2=" ">
    <subfield code="a">Formento, Carlos Ludovico</subfield>
    <subfield code="9">189627</subfield>
    <subfield code="e">ilustrador</subfield>
  </datafield>
  <datafield tag="942" ind1=" " ind2=" ">
    <subfield code="2">ddc</subfield>
    <subfield code="c">LIBRO</subfield>
  </datafield>
  <datafield tag="999" ind1=" " ind2=" ">
    <subfield code="c">220174</subfield>
    <subfield code="d">220174</subfield>
  </datafield>
  <datafield tag="952" ind1=" " ind2=" ">
    <subfield code="0">0</subfield>
    <subfield code="1">0</subfield>
    <subfield code="2">ddc</subfield>
    <subfield code="4">0</subfield>
    <subfield code="5">2</subfield>
    <subfield code="7">0</subfield>
    <subfield code="8">GRAL</subfield>
    <subfield code="a">BC</subfield>
    <subfield code="b">BC</subfield>
    <subfield code="c">PA_GRAL</subfield>
    <subfield code="d">2024-09-23</subfield>
    <subfield code="l">3</subfield>
    <subfield code="m">2</subfield>
    <subfield code="o">582.13 L92</subfield>
    <subfield code="p">33724002590947</subfield>
    <subfield code="r">2025-06-19 21:53:18</subfield>
    <subfield code="s">2025-06-06</subfield>
    <subfield code="w">2024-09-23</subfield>
    <subfield code="y">LIBRO</subfield>
  </datafield>
</record>
